Statistics for Mario Kart Wii Characters

Click here to take the quiz!

General Stats

  • This quiz has been taken 2,484 times
  • The average score is 21 of 26

Answer Stats

HintAnswer% Correct
MediumMario
99%
MediumLuigi
97%
LargeBowser
96%
MediumPeach
95%
SmallToad
91%
SmallBaby Mario
91%
MediumDaisy
90%
SmallBaby Luigi
89%
LargeDonkey Kong
89%
SmallBaby Peach
89%
LargeWario
88%
MediumYoshi
87%
LargeWaluigi
86%
SmallBaby Daisy
82%
MediumDiddy Kong
82%
SmallDry Bones
76%
SmallKoopa Troopa
74%
MediumBowser Jr
74%
LargeKing Boo
73%
SmallToadette
70%
VariesMii outfit 1
69%
VariesMii outfit 2
69%
LargeRosalina
69%
MediumBirdo
67%
LargeFunky Kong
62%
LargeDry Bowser
62%

Score Distribution

Percentile by Number Answered

Percent of People with Each Score

Your Score History

You have not taken this quiz